Flamingo Plays Bingo Usborne Phonics Readers (Record no. 586445)

000 -LEADER
fixed length control field 00358nam a22001337a 4500
020 ## - INTERNATIONAL STANDARD BOOK NUMBER
International Standard Book Number 9781474946575
040 ## - CATALOGING SOURCE
Transcribing agency NUST
082 ## - DEWEY DECIMAL CLASSIFICATION NUMBER
Classification number 823-CH
Author Mark PUN
100 ## - MAIN ENTRY--PERSONAL NAME
Personal name Punter, Russell
9 (RLIN) 81936
110 ## - MAIN ENTRY--CORPORATE NAME
Corporate name or jurisdiction name as entry element Semple, David
9 (RLIN) 81937
245 ## - TITLE STATEMENT
Title Flamingo Plays Bingo Usborne Phonics Readers
260 ## - PUBLICATION, DISTRIBUTION, ETC.
Place of publication, distribution, etc. London:
Name of publisher, distributor, etc. Usborne Publishing Limited,
Date of publication, distribution, etc. 2018
942 ## - ADDED ENTRY ELEMENTS (KOHA)
Source of classification or shelving scheme
Koha item type Book
Holdings
Withdrawn status Lost status Source of classification or shelving scheme Damaged status Not for loan Permanent Location Current Location Shelving location Date acquired Total Checkouts Full call number Barcode Date last seen Price effective from Koha item type
          College of Electrical & Mechanical Engineering (CEME) College of Electrical & Mechanical Engineering (CEME) General Stacks 09/09/2021   823-CH PUN CEME-50467 09/09/2021 09/09/2021 Book
© 2023 Central Library, National University of Sciences and Technology. All Rights Reserved.